Reinžiniering logistických procesov v podnikoch chemického priemyslu na Slovensku dizertačná práca

Salvato in:
Dettagli Bibliografici
Autore principale: Pisárová, Silvia
Ente Autore: Ekonomická univerzita v Bratislave. Fakulta podnikového manažmentu
Altri autori: Dupaľ, Andrej
Natura: Libro
Lingua:slovacco
Pubblicazione: Bratislava 2010
Soggetti:
Tags: Aggiungi Tag
Nessun Tag, puoi essere il primo ad aggiungerne!!

MARC

LEADER 00000nam$a2200000$$$4500
001 0119168
005 20230227093338.4
041 0 |a slo 
044 |a SK 
245 1 0 |a Reinžiniering logistických procesov v podnikoch chemického priemyslu na Slovensku  |b dizertačná práca  |c Silvia Pisárová ; škol. Andrej Dupaľ 
264 1 |a Bratislava  |c 2010 
300 |a 161 s. 
610 2 0 |a logistika 
610 2 0 |a priemysel chemický 
610 2 0 |a Slovensko 
100 1 |a Pisárová, Silvia 
700 1 |a Dupaľ, Andrej 
710 2 |a Ekonomická univerzita v Bratislave. Fakulta podnikového manažmentu